000 00773nam a22001817a 4500
003 OSt
005 20260416143354.0
008 260416b |||||||| |||| 00| 0 eng d
040 _c0
082 _aDPer 796.07 St822 September-December 2015 v.28 n.5-6 January-October 2016 v.29 n.1-5
100 _aConnolly, Graeme J.
_eauthor.
_970613
245 _aApplying Humanistic Learning Theory :
_bThe "Art" of Coaching /
_cGraeme J. Connolly.
260 _aAnnapolis Junction, Maryland, U.S.A. :
_bSHAPE America (Society of Health and Physical Educators) ;
_cMarch/April 2016.
300 _avolume 29, pages 39-41 :
_billustration ;
_c27cm.
500 _aStrategy, vol. 29, no.2, pages 39-41, March-April 2016.
700 _aConnolly, Graeme J.
_eauthor.
_970613
942 _2ddc
_cPER
999 _c24617
_d24617